[Event "Kampala Kireka op 6th"]
[Site "Kampala"]
[Date "2022.12.28"]
[Round "2"]
[White "Obita, Francis"]
[Black "Ssegwanyi, Arthur"]
[Result "0-1"]
[WhiteElo "1676"]
[BlackElo "2392"]
[PlyCount "50"]
[EventDate "2022.12.28"]
[EventType "swiss"]
[EventRounds "8"]
[EventCountry "UGA"]
[SourceTitle "EXT 2024"]
[Source "ChessBase"]
[SourceDate "2023.10.10"]
[SourceVersion "1"]
[SourceVersionDate "2023.10.10"]
[SourceQuality "1"]

1. e4 e5 2. Nf3 Nc6 3. Bc4 Nf6 4. Ng5 d5 5. exd5 Na5 6. Bb5+ c6 7. dxc6 bxc6 8. Qf3 h6 9. Ne4 cxb5 10. Nxf6+ gxf6 11. Qxa8 Qd7 12. d3 Nc6 13. Be3 Ke7 14. Bc5+ Ke6 15. Bxf8 Rxf8 16. Nc3 Ke7 17. Ne4 Bb7 18. Nxf6 Rxa8 19. Nxd7 Kxd7 20. 0-0 Nd4 21. c3 Nf3+ 22. Kh1 Rg8 23. g3 Ng5+ 24. f3 Nxf3 25. Rf2 Ng5+ 0-1

[Event "Kampala IM"]
[Site "Kampala"]
[Date "2022.02.19"]
[Round "4"]
[White "Bwalya, Gillan"]
[Black "Ssegwanyi, Arthur"]
[Result "1/2-1/2"]
[WhiteElo "2410"]
[BlackElo "2409"]
[PlyCount "79"]
[EventDate "2022.02.18"]
[EventType "tourn"]
[EventRounds "9"]
[EventCountry "UGA"]
[SourceTitle "EXT 2023"]
[Source "ChessBase"]
[SourceDate "2022.10.05"]
[SourceVersion "1"]
[SourceVersionDate "2022.10.05"]
[SourceQuality "1"]

1. d4 Nf6 2. c4 e6 3. Nc3 d5 4. cxd5 exd5 5. Bg5 c6 6. Qc2 Bd6 7. e3 0-0 8. Bd3 h6 9. Bh4 Re8 10. Nge2 a5 11. h3 Na6 12. a3 Nc7 13. 0-0 Ne6 14. Rae1 Ng5 15. Kh1 Qd7 16. Ng1 Nge4 17. Bxf6 Nxf6 18. e4 dxe4 19. Nxe4 Nxe4 20. Bxe4 Rd8 21. Nf3 Qc7 22. Re2 Be6 23. Rfe1 a4 24. Bh7+ Kh8 25. Bf5 Bd5 26. Be4 Be6 27. Qd1 Qa5 28. Bb1 Bd5 29. Nh4 g6 30. Qc1 Kg7 31. Be4 Bb3 32. Nf3 Re8 33. Nd2 Bd5 34. Nc4 Bxc4 35. Qxc4 f5 36. Bd3 Qxe1+ 37. Rxe1 Rxe1+ 38. Bf1 b5 39. Qd3 Rae8 40. Qd2 1/2-1/2

[Event "Kampala IM"]
[Site "Kampala"]
[Date "2022.02.18"]
[Round "2"]
[White "Mabior, Anyuat Mabior"]
[Black "Ssegwanyi, Arthur"]
[Result "0-1"]
[WhiteElo "2067"]
[BlackElo "2409"]
[PlyCount "104"]
[EventDate "2022.02.18"]
[EventType "tourn"]
[EventRounds "9"]
[EventCountry "UGA"]
[SourceTitle "EXT 2023"]
[Source "ChessBase"]
[SourceDate "2022.10.05"]
[SourceVersion "1"]
[SourceVersionDate "2022.10.05"]
[SourceQuality "1"]

1. e4 e5 2. Nf3 Nc6 3. d4 exd4 4. Nxd4 Bc5 5. Nxc6 Qf6 6. Qf3 bxc6 7. Be2 Rb8 8. c3 a5 9. Nd2 Qxf3 10. gxf3 Ne7 11. Nc4 a4 12. Nd2 0-0 13. b3 f5 14. bxa4 fxe4 15. Nxe4 Bb6 16. 0-0 d5 17. Ng3 Ng6 18. Be3 Nf4 19. Rfb1 Bf5 20. Rb3 Bc2 21. Rb4 Nxe2+ 22. Nxe2 c5 23. Rb2 Bxa4 24. Rab1 Rbe8 25. Rd2 Bc6 26. f4 Re4 27. Rbd1 Ra4 28. Ng3 Ra3 29. Rc1 Bb7 30. h4 Ra4 31. Rcd1 Rc4 32. Ne2 Re8 33. Rxd5 Bxd5 34. Rxd5 Ra8 35. a3 Rca4 36. h5 Rxa3 37. h6 gxh6 38. Rd7 c4 39. Nd4 Rxc3 40. Nf5 Bxe3 41. Nxe3 Rf8 42. f5 Rf7 43. Rd8+ Kg7 44. Kg2 Rd3 45. Ra8 Rxe3 46. fxe3 Rxf5 47. Ra3 Rc5 48. Rc3 Kf6 49. Kf3 Ke5 50. Rc1 c3 51. Ke2 Ke4 52. Kd1 Ke5 0-1

[Event "Kampala Rwabushenyi Memorial"]
[Site "Kampala"]
[Date "2021.12.05"]
[Round "8"]
[White "Ssegwanyi, Arthur"]
[Black "Ssonko, Mathias Allan"]
[Result "1-0"]
[WhiteElo "2409"]
[BlackElo "2167"]
[PlyCount "49"]
[EventDate "2021.12.02"]
[EventType "swiss"]
[EventRounds "8"]
[EventCountry "UGA"]
[SourceTitle "EXT 2023"]
[Source "ChessBase"]
[SourceDate "2022.10.05"]
[SourceVersion "1"]
[SourceVersionDate "2022.10.05"]
[SourceQuality "1"]

1. e4 e5 2. Nf3 Nf6 3. d4 Nxe4 4. Bd3 d5 5. Nxe5 Nd7 6. Nxd7 Bxd7 7. 0-0 Bd6 8. Qh5 0-0 9. Qxd5 Bc6 10. Qh5 g6 11. Qh3 Qf6 12. Be3 Rfe8 13. Nc3 Ng5 14. Qg4 h6 15. h4 Ne6 16. h5 g5 17. Rfe1 Nf4 18. Bxf4 Qxf4 19. Qxf4 Bxf4 20. Bf5 Kf8 21. Rxe8+ Rxe8 22. d5 Bxd5 23. Nxd5 Re5 24. Nxf4 Rxf5 25. Ne2 1-0

[Event "Kampala Rwabushenyi Memorial"]
[Site "Kampala"]
[Date "2021.12.03"]
[Round "3"]
[White "Tenywa, David"]
[Black "Ssegwanyi, Arthur"]
[Result "0-1"]
[WhiteElo "1799"]
[BlackElo "2409"]
[PlyCount "74"]
[EventDate "2021.12.02"]
[EventType "swiss"]
[EventRounds "8"]
[EventCountry "UGA"]
[SourceTitle "EXT 2023"]
[Source "ChessBase"]
[SourceDate "2022.10.05"]
[SourceVersion "1"]
[SourceVersionDate "2022.10.05"]
[SourceQuality "1"]

1. e4 e5 2. Nf3 Nc6 3. d4 exd4 4. Nxd4 Bc5 5. Nxc6 Qf6 6. Qe2 bxc6 7. c3 Qg6 8. Bf4 Nf6 9. Nd2 0-0 10. Qf3 d5 11. e5 Bg4 12. Qd3 Bf5 13. Qg3 Ng4 14. Be3 Nxe3 15. fxe3 Qxg3+ 16. hxg3 Bxe3 17. Nf3 Rab8 18. b3 c5 19. Be2 d4 20. cxd4 cxd4 21. Bc4 Rbd8 22. Ke2 c5 23. Bd3 Bg6 24. Rh3 h6 25. Bc4 Rfe8 26. Bd3 Re6 27. Rf1 Bxd3+ 28. Kxd3 Ra6 29. Ra1 Rb8 30. Rhh1 Rb4 31. Rhe1 Rg6 32. Nh4 Rg5 33. Nf3 Rxg3 34. Re2 a5 35. Rc2 a4 36. bxa4 Rxa4 37. Rxc5 Rxg2 0-1

[Event "FIDE World Cup"]
[Site "Krasnaya Polyana"]
[Date "2021.07.13"]
[Round "1.2"]
[White "Nihal, Sarin"]
[Black "Ssegwanyi, Arthur"]
[Result "1/2-1/2"]
[WhiteElo "2620"]
[BlackElo "2409"]
[PlyCount "46"]
[EventDate "2021.07.12"]
[EventType "k.o."]
[EventRounds "8"]
[EventCountry "RUS"]
[SourceTitle "CBM 203"]
[Source "ChessBase"]
[SourceDate "2021.08.31"]
[SourceVersion "1"]
[SourceVersionDate "2021.08.31"]
[SourceQuality "1"]

1. d4 d5 2. Nf3 Nf6 3. Bf4 e6 4. e3 Bd6 5. Bg3 0-0 6. Nbd2 b6 7. Bd3 Bb7 8. 0-0 c5 9. c3 Qc7 10. Bxd6 Qxd6 11. Ne5 Ba6 12. Bxa6 Nxa6 13. f4 Nb8 14. Rf3 Nc6 15. Rh3 Ne7 16. Qf3 Nd7 17. Qh5 Nf6 18. Qf3 Nd7 19. Rf1 h6 20. Qg4 Nf6 21. Qf3 Nd7 22. Qg4 Nf6 23. Qf3 Nd7 1/2-1/2

[Event "FIDE World Cup"]
[Site "Krasnaya Polyana"]
[Date "2021.07.12"]
[Round "1.1"]
[White "Ssegwanyi, Arthur"]
[Black "Nihal, Sarin"]
[Result "0-1"]
[WhiteElo "2409"]
[BlackElo "2620"]
[PlyCount "100"]
[EventDate "2021.07.12"]
[EventType "k.o."]
[EventRounds "8"]
[EventCountry "RUS"]
[SourceTitle "CBM 203"]
[Source "ChessBase"]
[SourceDate "2021.08.31"]
[SourceVersion "1"]
[SourceVersionDate "2021.08.31"]
[SourceQuality "1"]

1. e4 e6 2. d4 d5 3. Nc3 Bb4 4. e5 c5 5. a3 Bxc3+ 6. bxc3 Nc6 7. Qg4 g6 8. Qd1 Qa5 9. Bd2 Qa4 10. Rb1 c4 11. h4 h6 12. Qc1 b6 13. Be2 Bd7 14. h5 g5 15. f4 gxf4 16. Nh3 f5 17. Nxf4 0-0-0 18. Kf2 Nge7 19. Bf3 Rh7 20. Ne2 Rdh8 21. Rh3 Be8 22. Rg3 Bf7 23. Qb2 Kd7 24. Rh1 Qa6 25. Nf4 Qc8 26. a4 Rg8 27. Rxg8 Qxg8 28. Rh3 Nc8 29. Qb5 Kc7 30. Qb1 Qe8 31. Rg3 a5 32. Qc1 N6e7 33. Qa3 Kb7 34. Rh3 Ka6 35. Ne2 Qd7 36. Rh1 Be8 37. Ra1 Rh8 38. Bf4 Nc6 39. Qc1 Qg7 40. Qd2 Nd8 41. Ng3 Qh7 42. Qc1 Nf7 43. Be2 Rg8 44. Qa3 Ng5 45. Qa2 Qg7 46. Ke1 Ka7 47. Kd2 Qe7 48. Rb1 Nf7 49. Ke3 Qh4 50. Kf3 Rg4 0-1

[Event "Kampala World Cup Qual"]
[Site "Kampala"]
[Date "2021.05.16"]
[Round "8"]
[White "Wanyama, Harold"]
[Black "Ssegwanyi, Arthur"]
[Result "0-1"]
[WhiteElo "2312"]
[BlackElo "2395"]
[PlyCount "138"]
[EventDate "2021.05.08"]
[EventType "tourn"]
[EventRounds "10"]
[EventCountry "UGA"]
[EventCategory "2"]
[SourceTitle "CBM 202 Extra"]
[Source "ChessBase"]
[SourceDate "2021.07.31"]
[SourceVersion "1"]
[SourceVersionDate "2021.07.31"]
[SourceQuality "1"]

1. c4 e6 2. d4 Nf6 3. Nf3 d5 4. Nc3 Be7 5. Bf4 0-0 6. e3 c5 7. dxc5 Qa5 8. Be2 dxc4 9. Bxc4 Qxc5 10. Bb3 Rd8 11. Qb1 b6 12. 0-0 Bb7 13. Rc1 Qa5 14. e4 Nbd7 15. Bc2 Nf8 16. h3 Ng6 17. Bd2 Nh4 18. Nxh4 Rxd2 19. Nf3 Rdd8 20. Re1 Nd7 21. Qc1 Ne5 22. Nxe5 Qxe5 23. f4 Qh5 24. e5 Rac8 25. Be4 Bxe4 26. Rxe4 Rd3 27. Qf1 Rcd8 28. Re2 Qg6 29. Kh1 h6 30. a3 R8d4 31. Rae1 Bh4 32. Nb5 Bxe1 33. Nxd4 Rxd4 34. Rxe1 Qg3 35. Rd1 Rxf4 36. Rd8+ Kh7 37. Qd3+ Qxd3 38. Rxd3 Rf2 39. Rd7 Kg6 40. b4 Re2 41. Rxa7 Rxe5 42. Rb7 Re3 43. Rxb6 Rxa3 44. Kg1 Ra2 45. b5 Kf6 46. Rb8 Rb2 47. b6 Rd2 48. b7 Rd7 49. Kf2 g6 50. Ke3 Kf5 51. Rh8 Rxb7 52. Rxh6 Rb3+ 53. Ke2 e5 54. Rh8 e4 55. Re8 Kf4 56. h4 Rb2+ 57. Kf1 Ke3 58. Kg1 Rb1+ 59. Kh2 Kd3 60. Kg3 e3 61. Rd8+ Ke2 62. Re8 Rb6 63. Re7 Rf6 64. Ra7 Rd6 65. Rxf7 Kd2 66. Re7 e2 67. Kf4 Rd5 68. g4 e1Q 69. Rxe1 Kxe1 0-1

[Event "Battle d'Elite"]
[Site "Kampala"]
[Date "2021.02.14"]
[Round "6.2"]
[White "Okas, Walter"]
[Black "Ssegwanyi, Arthur"]
[Result "1-0"]
[WhiteElo "2270"]
[BlackElo "2355"]
[PlyCount "42"]
[EventDate "2021.02.13"]
[EventType "tourn"]
[EventRounds "10"]
[EventCountry "UGA"]
[SourceTitle "EXT 2022"]
[Source "ChessBase"]
[SourceDate "2021.10.06"]
[SourceVersion "1"]
[SourceVersionDate "2021.10.06"]
[SourceQuality "1"]

1. Nf3 Nf6 2. c4 e6 3. g3 d5 4. Bg2 c5 5. 0-0 Nc6 6. cxd5 Nxd5 7. d4 Be7 8. Nc3 Nxc3 9. bxc3 0-0 10. Rb1 Qa5 11. Qc2 h6 12. e4 Bf6 13. Be3 b6 14. Rfd1 Ba6 15. d5 Ne5 16. Nxe5 Bxe5 17. Bd2 Bc4 18. f4 Bc7 19. d6 Bxd6 20. e5 Be7 21. Bxa8 Rxa8 1-0

[Event "Kampala op"]
[Site "Kampala"]
[Date "2020.03.07"]
[Round "3"]
[White "Kimera, Innocent"]
[Black "Ssegwanyi, Arthur"]
[Result "0-1"]
[WhiteElo "1863"]
[BlackElo "2390"]
[PlyCount "92"]
[EventDate "2020.03.06"]
[EventType "swiss"]
[EventRounds "7"]
[EventCountry "UGA"]
[SourceTitle "CBM 195 Extra"]
[Source "ChessBase"]
[SourceDate "2020.05.31"]
[SourceVersion "1"]
[SourceVersionDate "2020.05.31"]
[SourceQuality "1"]

1. d4 d5 2. c4 e6 3. cxd5 exd5 4. Nc3 c6 5. a3 Bf5 6. Nf3 Bd6 7. Bg5 Qb6 8. b4 a5 9. b5 h6 10. Bd2 Nf6 11. e3 Nbd7 12. h3 Bh7 13. Qb3 Ne4 14. Na4 Qd8 15. Rc1 0-0 16. Bd3 Qe7 17. Ra1 Kh8 18. 0-0 c5 19. Bxe4 c4 20. Qb2 Bxe4 21. Ne1 Nf6 22. Nc3 Bh7 23. f4 b6 24. Nf3 Bd3 25. Rf2 Ne4 26. Nxe4 Qxe4 27. Re1 f6 28. a4 g5 29. g3 Qe6 30. g4 Qe7 31. Kg2 Rae8 32. f5 Qc7 33. Rh1 Bg3 34. h4 Kg7 35. hxg5 hxg5 36. Rh3 Bxf2 37. Kxf2 Rh8 38. Rg3 Rh1 39. Qc3 Reh8 40. e4 dxe4 41. Ne5 R8h7 42. Rg2 fxe5 43. f6+ Kg6 44. dxe5 Qc5+ 45. Be3 Rf1+ 46. Kg3 Qxe3# 0-1

[Event "Africa-ch Blitz"]
[Site "Casablanca"]
[Date "2019.08.28"]
[Round "8.9"]
[White "Oatlhotse, Providence"]
[Black "Ssegwanyi, Arthur"]
[Result "0-1"]
[WhiteElo "2181"]
[BlackElo "2301"]
[PlyCount "87"]
[EventDate "2019.08.28"]
[EventType "swiss (blitz)"]
[EventRounds "9"]
[EventCountry "MAR"]
[SourceTitle "EXT 2024"]
[Source "ChessBase"]
[SourceDate "2023.10.10"]
[SourceVersion "1"]
[SourceVersionDate "2023.10.10"]
[SourceQuality "1"]

1. c4 e6 2. g3 d5 3. Bg2 Nf6 4. Nf3 Be7 5. 0-0 0-0 6. b3 c5 7. e3 Nc6 8. a3 a5 9. Bb2 Ne4 10. d3 Bf6 11. Ra2 Bxb2 12. Rxb2 Nf6 13. Rc2 d4 14. exd4 Nxd4 15. Nxd4 Qxd4 16. Nc3 Bd7 17. Ne2 Qd6 18. d4 Bc6 19. dxc5 Qxc5 20. Bxc6 bxc6 21. a4 Rfd8 22. Rd2 Qb6 23. Nc1 Ne4 24. Rd7 Nf6 25. Rd3 Rxd3 26. Qxd3 Rd8 27. Qf3 h6 28. Kg2 Rd4 29. Re1 Qc5 30. Re3 Qd6 31. Ne2 Rd2 32. Nc3 Qd4 33. Ne4 Nxe4 34. Qxe4 Qxe4+ 35. Rxe4 Rd3 36. Re3 Rxe3 37. fxe3 f5 38. c5 Kf7 39. Kf3 Kf6 40. e4 Ke5 41. exf5 exf5 42. Ke3 Kd5 43. Kf4 g6 44. h4 0-1

[Event "Mombasa zt 4.2"]
[Site "Mombasa"]
[Date "2019.05.09"]
[Round "8"]
[White "Atif Mahgoub, Elhassan"]
[Black "Ssegwanyi, Arthur"]
[Result "0-1"]
[WhiteElo "1947"]
[BlackElo "2353"]
[PlyCount "88"]
[EventDate "2019.05.05"]
[EventType "swiss"]
[EventRounds "9"]
[EventCountry "KEN"]
[SourceTitle "CBM 190 Extra"]
[Source "ChessBase"]
[SourceDate "2019.07.15"]
[SourceVersion "1"]
[SourceVersionDate "2019.07.15"]
[SourceQuality "1"]

1. e4 e5 2. d4 exd4 3. Nf3 Nc6 4. Bc4 Nf6 5. 0-0 Nxe4 6. Nxd4 d5 7. Bb5 Bd7 8. c4 Bc5 9. Nb3 Bxf2+ 10. Rxf2 Nxf2 11. Kxf2 dxc4 12. Bxc6 Bxc6 13. Qxd8+ Rxd8 14. Na5 Bd5 15. Nc3 b6 16. Nxd5 Rxd5 17. Nxc4 0-0 18. Ne3 Rd3 19. a4 a5 20. Rb1 Rfd8 21. b4 axb4 22. Rxb4 R8d4 23. Rxd4 Rxd4 24. Kf3 Rxa4 25. Nd5 Rc4 26. Bf4 b5 27. Bxc7 b4 28. Be5 f6 29. Ba1 b3 30. Ne3 Ra4 31. Bb2 Ra8 32. Ke4 Rd8 33. Nc4 Kf7 34. Ke3 Ke6 35. g4 Rd1 36. h4 Rh1 37. h5 h6 38. Kd3 Rh2 39. Bd4 Rg2 40. Ne3 b2 41. Bxb2 Rxb2 42. Ke4 Rb4+ 43. Kf3 Rb3 44. Kf4 Rxe3 0-1

[Event "Mombasa zt 4.2"]
[Site "Mombasa"]
[Date "2019.05.06"]
[Round "2"]
[White "Ahmed Hassan, Ahmed"]
[Black "Ssegwanyi, Arthur"]
[Result "0-1"]
[WhiteElo "2082"]
[BlackElo "2353"]
[PlyCount "106"]
[EventDate "2019.05.05"]
[EventType "swiss"]
[EventRounds "9"]
[EventCountry "KEN"]
[SourceTitle "CBM 190 Extra"]
[Source "ChessBase"]
[SourceDate "2019.07.15"]
[SourceVersion "1"]
[SourceVersionDate "2019.07.15"]
[SourceQuality "1"]

1. e4 e5 2. Nf3 Nc6 3. Bb5 a6 4. Bxc6 dxc6 5. 0-0 Qf6 6. d4 exd4 7. Qxd4 Qxd4 8. Nxd4 Bd7 9. Nc3 0-0-0 10. Be3 Re8 11. Rfe1 Bb4 12. Bd2 Nf6 13. f3 Bc5 14. Be3 Nd5 15. exd5 Rxe3 16. Rxe3 Bxd4 17. Rae1 cxd5 18. Nxd5 Be6 19. Nc3 Rd8 20. g4 Bxe3+ 21. Rxe3 Rd2 22. Re2 Rxe2 23. Nxe2 Bxa2 24. Kf2 Bb1 25. c3 Kd7 26. Ke3 c5 27. Nf4 g6 28. h4 Kd6 29. Nh3 h6 30. f4 b5 31. Ng1 a5 32. Nf3 a4 33. Ne5 Ke6 34. Nf3 h5 35. f5+ Kf6 36. fxg6 fxg6 37. gxh5 gxh5 38. Ng5 Bg6 39. Nh3 Kf5 40. Nf4 b4 41. cxb4 cxb4 42. Ne2 a3 43. bxa3 bxa3 44. Kd2 a2 45. Nd4+ Kg4 46. Nb3 Kxh4 47. Kc1 Bf7 48. Na1 Kg3 49. Kb2 h4 50. Nc2 h3 51. Ne3 Kf3 52. Nf1 Kf2 53. Nh2 Be6 0-1

[Event "Olympiad-43"]
[Site "Batumi"]
[Date "2018.10.03"]
[Round "9.1"]
[White "Lama, Himal"]
[Black "Ssegwanyi, Arthur"]
[Result "0-1"]
[WhiteElo "2057"]
[BlackElo "2347"]
[PlyCount "80"]
[EventDate "2018.09.24"]
[EventType "team-swiss"]
[EventRounds "11"]
[EventCountry "GEO"]
[SourceTitle "CBM 187"]
[Source "ChessBase"]
[SourceDate "2018.12.11"]
[SourceVersion "1"]
[SourceVersionDate "2018.12.11"]
[SourceQuality "1"]
[WhiteTeam "Nepal"]
[BlackTeam "Uganda"]
[WhiteTeamCountry "NEP"]
[BlackTeamCountry "UGA"]

1. e4 c5 2. Nf3 d6 3. Bb5+ Nc6 4. d4 cxd4 5. Nxd4 Bd7 6. 0-0 Nf6 7. Nc3 g6 8. Re1 Bg7 9. Bxc6 bxc6 10. h3 0-0 11. Bg5 h6 12. Bh4 Qb6 13. Qd2 Rfd8 14. a3 a5 15. Kh1 g5 16. Bg3 Nh5 17. Nde2 Nxg3+ 18. fxg3 d5 19. exd5 Be6 20. Na4 Qa7 21. c4 cxd5 22. c5 d4 23. Nb6 Rab8 24. b4 d3 25. Nc3 Qc7 26. Rac1 axb4 27. axb4 Qxg3 28. Re3 Qf4 29. Nb1 Be5 30. g3 Qf5 31. g4 Qf4 32. Rce1 Bc7 33. Kg1 Rxb6 34. Rf1 Qd4 35. cxb6 Bxb6 36. Rfe1 Qf4 37. Nc3 Qxb4 38. Kf1 Qf4+ 39. Kg2 Bc8 40. Nd1 Bb7+ 0-1

[Event "Olympiad-43"]
[Site "Batumi"]
[Date "2018.10.01"]
[Round "7.53"]
[White "Ssegwanyi, Arthur"]
[Black "Paiva, Donaldo"]
[Result "1/2-1/2"]
[WhiteElo "2347"]
[BlackElo "2206"]
[PlyCount "73"]
[EventDate "2018.09.24"]
[EventType "team-swiss"]
[EventRounds "11"]
[EventCountry "GEO"]
[SourceTitle "CBM 187"]
[Source "ChessBase"]
[SourceDate "2018.12.11"]
[SourceVersion "1"]
[SourceVersionDate "2018.12.11"]
[SourceQuality "1"]
[WhiteTeam "Uganda"]
[BlackTeam "Mozambique"]
[WhiteTeamCountry "UGA"]
[BlackTeamCountry "MOZ"]

1. e4 c5 2. c3 Nf6 3. e5 Nd5 4. Nf3 d6 5. d4 cxd4 6. cxd4 Nc6 7. Bc4 e6 8. 0-0 Be7 9. Qe2 0-0 10. Rd1 Na5 11. Bxd5 exd5 12. Nc3 Be6 13. Bf4 a6 14. Rac1 Rc8 15. h3 h6 16. Na4 Nc6 17. Qd2 dxe5 18. Nxe5 Bb4 19. Qe3 Nxe5 20. Bxe5 Qa5 21. b3 Rxc1 22. Rxc1 Rc8 23. Rxc8+ Bxc8 24. Kh2 Bf5 25. Nc5 Bxc5 26. dxc5 Qxa2 27. Bd4 f6 28. Qg3 Kh7 29. Qc7 Kg6 30. Qxb7 Be4 31. c6 Qd2 32. Be3 Qc3 33. c7 Qe5+ 34. Kg1 Qa1+ 35. Kh2 Qe5+ 36. Kg1 Qa1+ 37. Kh2 1/2-1/2

[Event "Olympiad-43"]
[Site "Batumi"]
[Date "2018.09.25"]
[Round "2.1"]
[White "Ali Abdullahi, Farah"]
[Black "Ssegwanyi, Arthur"]
[Result "0-1"]
[WhiteElo "2000"]
[BlackElo "2347"]
[PlyCount "80"]
[EventDate "2018.09.24"]
[EventType "team-swiss"]
[EventRounds "11"]
[EventCountry "GEO"]
[SourceTitle "CBM 187"]
[Source "ChessBase"]
[SourceDate "2018.12.11"]
[SourceVersion "1"]
[SourceVersionDate "2018.12.11"]
[SourceQuality "1"]
[WhiteTeam "Somalia"]
[BlackTeam "Uganda"]
[WhiteTeamCountry "SOM"]
[BlackTeamCountry "UGA"]

1. d4 Nf6 2. c4 e6 3. Nc3 d5 4. Bg5 Be7 5. Nf3 0-0 6. e3 h6 7. Bh4 Ne4 8. Bxe7 Qxe7 9. Bd3 Nxc3 10. bxc3 dxc4 11. Bxc4 Nd7 12. 0-0 e5 13. a4 e4 14. Nd2 Nf6 15. Qc2 Bf5 16. Rab1 c6 17. a5 Rad8 18. Rb2 Bc8 19. Rfb1 Rfe8 20. Bf1 Rd5 21. c4 Rh5 22. Be2 Rg5 23. c5 Qd7 24. Bf1 Qg4 25. Nc4 Qh4 26. Nd6 Rh5 27. Bc4 Qxh2+ 28. Kf1 Bg4 29. Ke1 Qg1+ 30. Kd2 Qxf2+ 31. Kc3 Qxe3+ 32. Kb4 Re7 33. Qc3 Qg5 34. Ka3 b5 35. cxb6 Qxa5+ 36. Kb3 axb6 37. Bxf7+ Rxf7 38. Nxf7 Kxf7 39. Qxc6 Bd7 40. Qd6 Ba4+ 0-1

[Event "Olympiad-43"]
[Site "Batumi"]
[Date "2018.09.24"]
[Round "1.2"]
[White "Ssegwanyi, Arthur"]
[Black "Karjakin, Sergey"]
[Result "0-1"]
[WhiteElo "2347"]
[BlackElo "2760"]
[PlyCount "62"]
[EventDate "2018.09.24"]
[EventType "team-swiss"]
[EventRounds "11"]
[EventCountry "GEO"]
[SourceTitle "CBM 187"]
[Source "ChessBase"]
[SourceDate "2018.12.11"]
[SourceVersion "1"]
[SourceVersionDate "2018.12.11"]
[SourceQuality "1"]
[WhiteTeam "Uganda"]
[BlackTeam "Russia"]
[WhiteTeamCountry "UGA"]
[BlackTeamCountry "RUS"]

1. e4 c6 2. d4 d5 3. exd5 cxd5 4. c4 Nf6 5. Nc3 e6 6. Nf3 Bb4 7. c5 0-0 8. Bd3 b6 9. cxb6 axb6 10. 0-0 Bxc3 11. bxc3 Ba6 12. Bg5 Nbd7 13. Bxa6 Rxa6 14. Qb3 Qa8 15. Rfc1 Rc8 16. Qb2 h6 17. Be3 Ra4 18. h3 Qa6 19. Rc2 Ne4 20. Nd2 Ndf6 21. Nxe4 Nxe4 22. Bf4 Rac4 23. Rac1 b5 24. f3 Nc5 25. dxc5 Rxf4 26. Rd1 Rc4 27. Rd4 R8xc5 28. Rxc4 Rxc4 29. Rd2 Qc6 30. Rd3 h5 31. Kh1 b4 0-1